Cartoon Characters Quiz! #3 - Statistics

General Stats
  • This quiz has been taken 118 times
  • The average score is 12 of 16
Answer Stats
Picture Answer % Correct
Tom
99%
Jerry
98%
Patrick
98%
Luigi
92%
Donkey Kong
89%
Squidward
85%
Popeye
84%
Peach
81%
Mr Krabs
80%
Bowser
78%
Porky Pig
60%
Sylvester
60%
Rigby
59%
Mordecai
55%
Droopy
33%
Amy Rose
32%
No matching quizzes found
Score Distribution
Percent of People with Each Score
Percentile by Number Answered
Your Score History
You have not taken this quiz